000
00311 a2200157 4500
001
192387
020
_a
85-349-2368-X
040
_c
Magnum
100
_a
Alencar, José de
240
1
0
_a
Iracema
_l
por
245
1
0
_a
Iracema
300
_a
102
440
1
_a
Paulus
697
_a
LITERATURA GERAL
942
_c
BK
999
_c
192387
_d
192387